| Tag |
First Indicator |
Second Indicator |
Subfields |
| LEADER |
00000cam a2200000 i 4500 |
| 001 |
in00005752821 |
| 005 |
20260326195132.7 |
| 006 |
m o d |
| 007 |
cr cnu---unuuu |
| 008 |
130805s2013 enka ob 001 0 eng |
| 040 |
|
|
|a AU@
|b eng
|e rda
|e pn
|c AU@
|d OCLCO
|d OPELS
|d N$T
|d WAU
|d OCLCF
|d OCLCQ
|d FEM
|d DEBBG
|d MEU
|d D6H
|d WYU
|d NZHMA
|d UKBTH
|d WURST
|d OCLCO
|d OCLCQ
|d OCLCO
|d OCLCQ
|d MUU
|d OCLCO
|d MUU
|d IDEBK
|d E7B
|d CDX
|d YDXCP
|d SFB
|d LOA
|d TUHNV
|d CLOUD
|d OCLCQ
|d OCLCL
|
| 019 |
|
|
|a 855906665
|a 968092707
|a 969024878
|a 1230258319
|a 1243597554
|
| 020 |
|
|
|a 9780080994116
|q (electronic bk.)
|
| 020 |
|
|
|a 0080994113
|q (electronic bk.)
|
| 020 |
|
|
|z 9780124080614
|
| 020 |
|
|
|z 0124080618
|
| 020 |
|
|
|a 1299774571
|q (ebk)
|
| 020 |
|
|
|a 9781299774575
|q (ebk)
|
| 035 |
|
|
|a (OCoLC)855287252
|z (OCoLC)855906665
|z (OCoLC)968092707
|z (OCoLC)969024878
|z (OCoLC)1230258319
|z (OCoLC)1243597554
|
| 037 |
|
|
|a 508708
|b MIL
|
| 050 |
|
4 |
|a QK1
|
| 050 |
|
4 |
|a QK898.A4
|b N49 2013eb
|
| 072 |
|
7 |
|a SCI
|x 007000
|2 bisacsh
|
| 082 |
0 |
4 |
|a 572/.549
|2 23
|
| 049 |
|
|
|a TXAM
|
| 245 |
0 |
0 |
|a New light on alkaloid biosynthesis and future prospects /
|c volume editor Nathalie Giglioli-Guivarc'h.
|
| 250 |
|
|
|a First edition.
|
| 264 |
|
1 |
|a London, UK ;
|a Waltham, MA :
|b Academic Press, an imprint of Elsevier,
|c 2013.
|
| 300 |
|
|
|a 1 online resource (xv, 380 pages) :
|b illustrations.
|
| 336 |
|
|
|a text
|b txt
|2 rdacontent
|
| 337 |
|
|
|a computer
|b c
|2 rdamedia
|
| 338 |
|
|
|a online resource
|b cr
|2 rdacarrier
|
| 347 |
|
|
|a text file
|2 rda
|
| 490 |
1 |
|
|a Advances in botanical research,
|x 0065-2296 ;
|v v. 68
|
| 546 |
|
|
|a Text in English.
|
| 588 |
0 |
|
|a Online resource; title from resource home page (ScienceDirect, viewed July 16, 2024).
|
| 504 |
|
|
|a Includes bibliographical references and indexes.
|
| 520 |
|
|
|a "'Advances in Botanical Research' publishes in-depth and up-to-date reviews on a wide range of topics in plant sciences. Currently in its 68th volume, the series features several reviews by recognized experts on all aspects of plant genetics, biochemistry, cell biology, molecular biology, physiology and ecology. This thematic volume features reviews on metabolomics coming of age with its technological diversity. Publishes in-depth and up-to-date reviews on a new light on alkaloid biosynthesis and future prospects."--Publisher's website.
|
| 505 |
0 |
|
|a Towards complete elucidation of monoterpene indole alkaloid biosynthesis pathway : Catharanthus roseus as a pioneer system / Vonny Salim, Vincenzo De Luca -- Increasing the pace of new discoveries in tropane alkaloid biosynthesis / Jan Jirschitzka, Franziska Dolke, John C. D'Auria -- Deciphering the evolution, cell biology and regulation of monoterpene indole alkaloids / Benoit St-Pierre, Sébastien Besseau, Marc Clastre, Vincent Courdavault, Martine Courtois, Joel Crèche, Eric Ducos, Thomas Dugé de Bernonville, Christelle Dutilleul, Gaëlle Glévarec, Nadine Imbault, Arnaud Lanoue, Audrey Oudin, Nicolas Papon, Olivier Pichon and Nathalie Giglioli-Guivarc'h -- Biosynthesis and catabolism of purine alkaloids / Hiroshi Ashihara, Takao Yokota, Alan Crozier -- Camptothecin : biosynthesis, biotechnological production and resistance mechanism(s) / Supaart Sirikantaramas, Mami Yamazaki, Kazuki Saito -- Improved production of plant isoquinoline alkaloids by metabolic engineering / Fumihiko Sato -- Bioengineering of isoquinoline alkaloid production in microbial systems / Akira Nakagawa, Eitaro Matsumura, Fumihiko Sato, Hiromichi Minami -- From bioreactor to entire plants : development of production systems for secondary metabolites / Thi Khieu Oanh Nguyen, Rebecca Dauwe, Frédéric Bourgaud, Eric Gontier -- New methods of analysis and investigation of terpenoid indole alkaloids / Guitele Dalia Goldhaber-Pasillas, Young Hae Choi, Robert Verpoorte -- Like cures like : caffeine immunizes plants against biotic stresses / Hiroshi Sano, Yun-Soo Kim, Yong-Eui Choi -- Alkaloids from marine bacteria / Sergey B. Zotchev.
|
| 650 |
|
0 |
|a Plant products
|x Synthesis.
|
| 650 |
|
0 |
|a Alkaloids
|x Synthesis.
|
| 650 |
|
0 |
|a Biosynthesis.
|
| 650 |
|
6 |
|a Produits végétaux
|x Synthèse.
|
| 650 |
|
6 |
|a Biosynthèse.
|
| 650 |
|
7 |
|a SCIENCE
|x Life Sciences
|x Biochemistry.
|2 bisacsh
|
| 650 |
|
7 |
|a Alkaloids
|x Synthesis
|2 fast
|
| 650 |
|
7 |
|a Biosynthesis
|2 fast
|
| 650 |
|
7 |
|a Plant products
|x Synthesis
|2 fast
|
| 653 |
0 |
0 |
|a alkaloids
|
| 653 |
0 |
0 |
|a biosynthese
|
| 653 |
0 |
0 |
|a biosynthesis
|
| 653 |
0 |
0 |
|a planten
|
| 653 |
0 |
0 |
|a plants
|
| 653 |
0 |
0 |
|a bacteria
|
| 653 |
0 |
0 |
|a plantkunde
|
| 653 |
0 |
0 |
|a botany
|
| 653 |
0 |
0 |
|a fytochemie
|
| 653 |
0 |
0 |
|a phytochemistry
|
| 653 |
1 |
0 |
|a Plant Physiology
|
| 653 |
1 |
0 |
|a Plantenfysiologie
|
| 655 |
|
7 |
|a Electronic books.
|2 local
|
| 700 |
1 |
|
|a Giglioli-Guivarc'h, Nathalie,
|d 1965-
|e editor.
|
| 710 |
2 |
|
|a ScienceDirect (Online service)
|
| 776 |
0 |
8 |
|i Print version:
|t New light on alkaloid biosynthesis and future prospects.
|b First edition.
|d Amsterdam : Academic Press, 2013
|z 9780124080614
|w (OCoLC)859451446
|
| 830 |
|
0 |
|a Advances in botanical research ;
|v v. 68.
|
| 856 |
4 |
0 |
|u http://proxy.library.tamu.edu/login?url=https://www.sciencedirect.com/science/bookseries/00652296/68
|z Connect to the full text of this electronic book
|t 0
|
| 955 |
|
|
|a Elsevier ScienceDirect 2026-2027
|
| 994 |
|
|
|a 92
|b TXA
|
| 999 |
f |
f |
|i 15940c6e-5f1a-410a-835a-e026f6ce2b84
|s fcca06e0-918c-4e7e-b3b4-298916ed7b6e
|t 0
|
| 952 |
f |
f |
|a Texas A&M University
|b College Station
|c Electronic Resources
|s www_evans
|d Available Online
|t 0
|e QK1 N49 2013eb
|h Library of Congress classification
|
| 998 |
f |
f |
|a QK1 N49 2013eb
|t 0
|l Available Online
|